A mesterséges intelligencia és a turizmus kapcsolódási pontjai

Bibliográfiai részletek
Szerző: Tér Blanka Virág
További közreműködők: Szeidl Dr. Klaudia
Dokumentumtípus: Diplomadolgozat
Kulcsszavak:fejlődés
mesterséges intelligencia
technológia
turizmus
újítás(ok)
Online Access:http://dolgozattar.uni-bge.hu/60014

MARC

LEADER 00000nta a2200000 i 4500
001 dolg60014
005 20260409145856.0
008 260409suuuu hu om 000 hun d
040 |a BGE Dolgozattár Repozitórium  |b hun 
041 |a hu 
100 1 |a Tér Blanka Virág 
245 1 2 |a A mesterséges intelligencia és a turizmus kapcsolódási pontjai  |c Tér Blanka Virág  |h [elektronikus dokumentum] 
520 3 |a A mesterséges intelligencia (MI) alkalmazásai egyre nagyobb szerepet kapnak a turizmus iparágában, a technológia gyors fejlődése révén. A szakdolgozat célja a mesterséges intelligencia és a turizmus közötti kapcsolódási pontok feltárása, valamint annak vizsgálata, hogy az AI hogyan befolyásolja az iparági működést és az utazási élményeket. A kutatás során szakirodalmi áttekintés és empirikus adatgyűjtés révén kerültek elemzésre az MI turizmusban való alkalmazásai. A kutatás két fő módszertani pilléren alapult: kérdőíves felmérés és mélyinterjúk segítségével vizsgáltam a turizmus szereplőinek és a fogyasztóknak az MI alkalmazásaival kapcsolatos véleményeit, elvárásait. Az eredmények rávilágítanak arra, hogy a mesterséges intelligencia már most is jelentős hatással van a turizmus különböző területeire, mint például az ügyfélszolgálat, a személyre szabott ajánlások és az online marketing. A dolgozat bemutatja az MI jelenlegi és jövőbeli potenciálját. 
695 |a fejlődés 
695 |a mesterséges intelligencia 
695 |a technológia 
695 |a turizmus 
695 |a újítás(ok) 
700 1 |a Szeidl Dr. Klaudia  |e ths 
856 4 0 |u http://dolgozattar.uni-bge.hu/60014/1/A%20mesters%C3%A9ges%20intelligencia%20%C3%A9s%20a%20turizmus%20kapcsol%C3%B3d%C3%A1si%20pontjai_T%C3%A9r_Blanka_Vir%C3%A1g_XKGSII.pdf  |z Dokumentum-elérés 
856 4 0 |u http://dolgozattar.uni-bge.hu/60014/2/t%C3%A9r_blanka_vir%C3%A1g_opponens_nagy_gabriella.pdf  |z Dokumentum-elérés 
856 4 0 |u http://dolgozattar.uni-bge.hu/60014/3/ter_blanka_konzulens_szeidl.pdf  |z Dokumentum-elérés